Précis de chimie : chimie organique ; PCSI ; PC : cours, exercices résolus (Record no. 10142)
[ view plain ]
| 000 -LEADER | |
|---|---|
| fixed length control field | 00608 a2200253 4500 |
| 035 ## - SYSTEM CONTROL NUMBER | |
| System control number | 12156 |
| 035 ## - SYSTEM CONTROL NUMBER | |
| System control number | 12157 |
| 035 ## - SYSTEM CONTROL NUMBER | |
| System control number | 12857 |
| 020 ## - NUMERO INTERNATIONAL NORMALISE DES LIVRES | |
| International Standard Book Number | 2-85394-828-5 |
| 100 ## - VEDETTE PRINCIPALE - NOM DE PERSONNE | |
| Personal name | MESPLEDE, J. |
| 130 ## - VEDETTE PRINCIPALE - TITRE UNIFORME | |
| Language of a work | Fr. |
| 260 ## - PUBLICATION, DISTRIBUTION, ETC. (IMPRINT) | |
| Place of publication, distribution, etc | Paris |
| 260 ## - PUBLICATION, DISTRIBUTION, ETC. (IMPRINT) | |
| Name of publisher, distributor, etc | Bréal |
| 245 ## - TITLE STATEMENT | |
| Title | Précis de chimie : chimie organique ; PCSI ; PC : cours, exercices résolus |
| 260 ## - PUBLICATION, DISTRIBUTION, ETC. (IMPRINT) | |
| Date of publication, distribution, etc | 1995 |
| 300 ## - PHYSICAL DESCRIPTION | |
| Extent | 352 p. |
| 300 ## - PHYSICAL DESCRIPTION | |
| Other physical details | fig. ; 24 cm. |
| 440 ## - SERIES STATEMENT/ADDED ENTRY--TITLE | |
| Title | (Précis) |
| 650 ## - SUBJECT ADDED ENTRY--TOPICAL TERM | |
| Topical term or geographic name as entry element | <CHIMIE ORGANIQUE><PROBLEMES ET EXERCICES RESOLUS> |
| 700 ## - ADDED ENTRY--PERSONAL NAME | |
| Personal name | QUEYREL, J. L. |
| Withdrawn status | Lost status | Damaged status | Not for loan | Location (home branch) | Sublocation or collection (holding branch) | Date acquired | Koha issues (times borrowed) | Koha full call number | Koha date last seen | Price effective from | Koha item type |
|---|---|---|---|---|---|---|---|---|---|---|---|
| Bibliothèque Ecole Polytechnique d'Abomey-Calavi | Bibliothèque Ecole Polytechnique d'Abomey-Calavi | 27/02/2009 | 547.0202/M583p | 27/02/2009 | 27/02/2009 | Livre |